000 00759cam a22002653a 4500
001 6409
003 PGUSA
005 20140828083132.0
008 040901s2004||||xxu|||||s|||||000 | eng d
040 _aPGUSA
_beng
042 _adc
050 4 _aPE
100 1 _aDevlin, Joseph
245 1 0 _aHow to Speak and Write Correctly
_h[electronic resource] /
_cJoseph Devlin
260 _bProject Gutenberg,
_c2004
506 _aPublic domain in the USA.
516 _aElectronic text
653 _aEnglish language -- Grammar
653 _aEnglish language -- Usage
653 _aEnglish language -- Rhetoric
653 _aEnglish language -- Style
830 0 _aProject Gutenberg
_v6409
856 4 0 _uhttp://www.gutenberg.org/ebooks/6409
942 _cEB
999 _c235732
_d235732